00684 2200217 4500001002100000005001500021035002000036007000300056008004100059020002200100082001400122084002000136100002100156245007200177250003400249260003600283300006500319700002800384700002000412600003400432INLIS00000000000238320250825072504 a0010-0825000659ta250825 g 0 ind  a978-602-453-662-6 a641.59598 a641.59598 BAR p0 aBarnatal Saragih1 aPangan Olahan Etnis Dayak Kutai Barat /cBarnatal Saragih (Penulis) aCetakan Pertama, Januari 2018 aYogyakarta :bDeepublish,c2018 axii; 126 Halaman :bIlustrasi Berwarna; teks; tabel ;c23 cm0 aOdit Ferry Kurniadinata0 aAswita Emmawati 4aMasakan Tradisional Indonesia